000 00449 a2200145 4500
999 _c3941
_d3941
020 _a9780797435223
050 _aLB1590.3NDA2011
100 _aNdawi,OP
_eauthor
245 _aCurriculum and its building blocks :
_bConcepts and Processes /
_cOP Ndawi and O E Maravanyika
264 _aZimbabwe:
_bMambo Press,
_cc2011
300 _a166p. :
500 _aincludes index
650 _aCuriculum concepts and processes
942 _2lcc
_cBK
_h1590.3
_iNDA
_kLB